000 00230nam a22000857a 4500
008 160713b xxu||||| |||| 00| 0 eng d
100 _92722
_aEdicones P.S.A
245 _aScience for Kids
260 _aNew Delhi
_bSterling Publication
_c2009
999 _c2363
_d2363